000 01166cab a2200217 4500
001 ##L132550
008 060217n2006 000 0 eng u
035 _a(Sirsi) u132550
041 0 _aeng
100 1 _aHopkins, Phillip
245 0 0 _aWhich tenancy?
_bperiodic or renewed fixed term tenancies
260 _c2006
490 0 _aLetting Update Journal
_v13(4) January 2006, 28-29(2)
520 _aDiscusses the advantages and disadvantages of renewed fixed term tenancies vis-à-vis periodic tenancies. Looks at the options open to a landlord to extend a fixed term tenancy at the end of the initial fixed term and covers the renewal provisions, rent increase, renewal with new fixed term, the drafting fee and rent guarantees. Examines statutory periodic tenancies which can arise if the landlord does nothing at the end of the original fixed term. Describes two situations which favour the use of periodic tenancies.
590 _aIKA280206
650 2 4 _aHOUSING ACT 1988 S20
650 2 4 _aHOUSING ACT 1988 S5
650 2 4 _aHOUSING ACT 1996
690 _aPROPERTY-RESIDENTIAL PROPERTY-RESIDENTIAL LANDLORD AND TENANT-RESIDENTIAL TENANCIES
942 _n0
999 _c76488
_d76488